Spieler, die José de Sousa bei der Darts WM besiegten - Statistiken

Allgemein
  • Dieses Quiz wurde 68 mal gespielt
    8 seit der letzten Aktualisierung
  • Das Durchschnittsergebnis liegt bei 6 aus 8
Antwortstatistiken
Jahr Runde Nationalität Spieler % Korrekt
2020 1. Runde Australien Damon Heta
100%
2023 Achtelfinale Wales Gerwyn Price
100%
2026 1. Runde Deutschland Ricardo Pietreczko
100%
2024 2. Runde Schweden Jeffrey de Graaf
86%
2022 3. Runde Schottland Alan Soutar
57%
2012 Vorrunde Südafrika Devon Petersen
57%
2021 3. Runde England Mervyn King
57%
2019 1. Runde England Michael Barnard
29%
Keine übereinstimmenden Quizze gefunden
Verteilung der Resultate
Anzahl Personen mit jedem Resultat
Perzentil nach korrekt beantworteten Fragen
Ihre Resultats-Entwicklung
Sie haben dieses Quiz seit der letzten Aktualisierung nicht gespielt